000 00309nam a22001337a 4500
008 170321b xxu||||| |||| 00| 0 eng d
020 _a9780803610439
041 _aeng
080 _a616.12 -008-073
100 _a7
101 _aSHM
245 _aE Z ECG RHYTHM INTERPREPATION
_cGEITER.H.B
942 _2udc
_cBK
999 _c8285
_d8285